00711cam a22001937a 4500003000500000005001700005008004100022010000900063011001000072035000900082040000900091100003800100245013800138260003600276300001100312502014200323650002500465650002700490CHAP20220329133706.0971013s1993 r 00010 d a9554 a10526 a9763 cCHAP00aToxtle Tlamani, José Silvestre.13aEl papel de la ganadería de traspatio en las zonas rurales cercanas a las ciudades ; casosb: Coronango, Puebla y Panotla, Tlaxcala aPuebla, Pue. :bEl autor,c1993 a165 h. aTesis (M.C. en Estrategias para el Desarrollo Agrícola Regional) -- C.P. Programa en Estrategias para el Desarrollo Agrícola Regional14aGanaderíaxPuebla.14aGanaderíaxTlaxcala.